[Event "Graz Open A 2019"]
[Site "Graz AUT"]
[Date "2019.02.19"]
[Round "3.5"]
[White "Haldorsen, Benjamin"]
[Black "Danner, Georg"]
[Result "1-0"]
[WhiteTitle "IM"]
[BlackTitle "IM"]
[WhiteElo "2450"]
[BlackElo "2333"]
[WhiteFideId "1512633"]
[BlackFideId "1600303"]
[EventDate "2019.02.17"]

1. e4 c5 2. Nf3 d6 3. d4 cxd4 4. Nxd4 Nf6 5. Nc3 Nc6 6. Bg5 e6 7. Qd2 Qb6 8. Nb3
Be7 9. O-O-O O-O 10. h4 Rd8 11. Bd3 d5 12. exd5 Nxd5 13. Nxd5 Rxd5 14. Kb1 a5
15. c4 Rd7 16. Bxe7 Nxe7 17. Qc2 h6 18. Qe2 a4 19. Nc1 a3 20. b3 Qa5 21. Qe1 Nc6
22. Qxa5 Rxa5 23. Kc2 e5 24. Kc3 f5 25. f3 Rc7 26. Rhe1 Kf7 27. Bc2 Be6 28. Nd3
b5 29. c5 b4+ 30. Kd2 Rd7 31. Kc1 Kf6 32. g4 fxg4 33. fxg4 Bxg4 34. Rf1+ Ke6 35.
Rde1 Rd4 36. Rf8 g5 37. hxg5 hxg5 38. Nxe5 Nxe5 39. Re8+ Kd7 40. R8xe5 Kc6 41.
Be4+ Kc7 42. Rxg5 Be6 43. Kc2 Rd8 44. Rh1 Rd7 45. Re5 Bg4 46. Rg1 Be2 47. Bf5
Rf7 48. Kd2 Bf3 49. Ke3 Bc6 50. Rg6 Rb5 51. Rg8 Rb8 52. Rxb8 Kxb8 53. Kd4 Rg7
54. Kc4 Rg2 55. Kxb4 Rxa2 56. Be6 Ra1 57. Bc4 Bd7 58. Re7 Kc8 59. Rg7 Bh3 60.
Ra7 a2 61. Ka3 Bf1 62. Bxf1 Rxf1 63. Kxa2 Rf5 64. b4 Rf3 65. Ra3 Rf4 66. Kb3 Kb7
67. Ka4 Kc6 68. Rd3 Rf6 69. Ka5 Rh6 70. Rd6+ Rxd6 71. cxd6 Kxd6 72. Kb6 1-0

[Event "Graz Open A 2019"]
[Site "Graz AUT"]
[Date "2019.02.19"]
[Round "3.6"]
[White "Leisch, Lukas"]
[Black "Teclaf, Pawel"]
[Result "0-1"]
[BlackTitle "CM"]
[WhiteElo "2313"]
[BlackElo "2450"]
[WhiteFideId "1632094"]
[BlackFideId "1185934"]
[EventDate "2019.02.17"]

1. Nf3 c5 2. c4 Nc6 3. d4 cxd4 4. Nxd4 g6 5. e4 Nf6 6. Nc3 d6 7. Be2 Nxd4 8.
Qxd4 Bg7 9. Be3 O-O 10. Qd2 a5 11. O-O Bd7 12. Rac1 a4 13. Rfd1 Qa5 14. f3 Rfc8
15. Bf1 Be6 16. Nd5 Qxd2 17. Rxd2 Bxd5 18. exd5 Nd7 19. Kf2 Nc5 20. Bxc5 Rxc5
21. Rcc2 Ra6 22. f4 Rb6 23. Ke3 Rb4 24. g3 Kf8 25. Bd3 Ke8 26. Ke2 Kd8 27. Kd1
h5 28. Kc1 b5 29. cxb5 Bxb2+ 30. Kd1 Rxd5 31. Ke2 a3 32. Rc6 g5 33. Rdc2 gxf4
34. b6 f3+ 35. Ke3 Bd4+ 36. Kxf3 Bxb6 37. Bc4 Rf5+ 38. Kg2 Kd7 39. Be2 Rf2+ 40.
Kh3 Rxe2 41. Rxb6 Rxh2+ 0-1

[Event "Graz Open A 2019"]
[Site "Graz AUT"]
[Date "2019.02.19"]
[Round "3.7"]
[White "Markoja, Boris"]
[Black "Frank, Emanuel"]
[Result "1/2-1/2"]
[WhiteTitle "IM"]
[WhiteElo "2440"]
[BlackElo "2248"]
[WhiteFideId "14608502"]
[BlackFideId "1625624"]
[EventDate "2019.02.17"]

1. d4 d5 2. c4 e6 3. g3 Nf6 4. Bg2 Bb4+ 5. Bd2 Bd6 6. Nc3 O-O 7. cxd5 exd5 8.
Nxd5 Nxd5 9. Bxd5 Bxg3 10. Qb3 Bd6 11. Nf3 Nd7 12. Qc2 Nf6 13. Bc4 Qe7 14. O-O-O
Ne4 15. Be3 Bf5 16. Bd3 c5 17. Kb1 Rac8 18. Qc4 b5 19. Qd5 Bg6 20. Ne5 Bxe5 21.
Qxe5 Qxe5 22. dxe5 c4 23. Bc2 a6 24. Rd5 c3 25. f3 Nd2+ 26. Bxd2 cxd2 27. Bxg6
hxg6 28. Rd1 Rfd8 29. R1xd2 Rxd5 30. Rxd5 Kf8 31. Rd6 a5 32. Rd5 Rb8 33. Kc2 Ke7
34. Kd3 Ke6 35. Ke4 g5 36. Rd6+ Ke7 37. Ra6 a4 38. Kf5 g6+ 39. Kxg5 Rh8 40. Kf4
Rh4+ 41. Ke3 Rb4 42. b3 axb3 43. axb3 Rxb3+ 44. Kd4 Rb2 45. Kd3 Rb3+ 46. Kd2
Rb2+ 47. Kd1 Rb1+ 48. Kc2 Rh1 49. Rb6 Rxh2 50. Kd3 Rh4 51. Rxb5 Ke6 52. Ke3 1/2-1/2

[Event "Graz Open A 2019"]
[Site "Graz AUT"]
[Date "2019.02.19"]
[Round "3.8"]
[White "Pranav, Anand"]
[Black "Xiang, Zeyu"]
[Result "1/2-1/2"]
[WhiteTitle "FM"]
[BlackTitle "IM"]
[WhiteElo "2303"]
[BlackElo "2436"]
[WhiteFideId "46626786"]
[BlackFideId "8608547"]
[EventDate "2019.02.17"]

1. d4 d5 2. c4 e6 3. Nf3 Nf6 4. g3 Bb4+ 5. Bd2 Be7 6. Bg2 O-O 7. O-O c6 8. Qc2
b6 9. Rd1 Nbd7 10. b3 a5 11. Bc3 Bb7 12. Nbd2 Qc7 13. e4 Nxe4 14. Nxe4 dxe4 15.
Qxe4 c5 16. Qe2 Bf6 17. Rac1 a4 18. b4 cxd4 19. Nxd4 Bxg2 20. Kxg2 Rfd8 21. Nb5
Qb7+ 22. f3 Bxc3 23. Rxc3 Nf6 24. Rcd3 Rxd3 25. Qxd3 h5 26. Qd4 Qc6 27. Nd6 Rd8
28. Qf4 Rd7 29. Rd4 Nd5 30. cxd5 Qxd6 31. Qxd6 Rxd6 32. dxe6 Rxe6 33. Kf2 Rc6
34. Ke3 Rc1 35. Rd6 Rc2 36. Rd2 Rc4 37. Rd8+ Kh7 38. a3 Rc1 39. h4 f6 40. Ke4
Re1+ 41. Kf4 Kg6 42. Rd6 Ra1 43. Rxb6 Rxa3 44. Ra6 Ra1 45. b5 Rb1 46. Rxa4 Rxb5
47. Rc4 Ra5 1/2-1/2

[Event "Graz Open A 2019"]
[Site "Graz AUT"]
[Date "2019.02.19"]
[Round "3.9"]
[White "Kryakvin, Dmitry"]
[Black "Mohite, Ranveer"]
[Result "1-0"]
[WhiteTitle "GM"]
[WhiteElo "2588"]
[BlackElo "2238"]
[WhiteFideId "4153278"]
[BlackFideId "25010352"]
[EventDate "2019.02.17"]

1. g3 Nf6 2. Bg2 d5 3. d4 g6 4. Nf3 Bg7 5. O-O O-O 6. c3 c6 7. Nbd2 Bf5 8. Nh4
Be6 9. Qc2 Qc8 10. Re1 g5 11. Nhf3 Bf5 12. Qb3 h6 13. h4 g4 14. Ne5 Nbd7 15.
Nxd7 Qxd7 16. e4 dxe4 17. Nxe4 Nxe4 18. Bxe4 Bxe4 19. Rxe4 Rfe8 20. Bf4 Qd5 21.
Qc2 h5 22. Rae1 Qf5 23. Qb3 b6 24. Rxe7 Rxe7 25. Rxe7 Rd8 26. Kh2 Bh6 27. Re5
Qf6 28. Re4 Qg6 29. Qc2 Bxf4 30. gxf4 c5 31. dxc5 bxc5 32. Qe2 c4 33. Rxc4 Rd3
34. Kg2 g3 35. f3 Qd6 36. Rd4 Rxd4 37. cxd4 Kf8 38. Qe5 Qg6 39. f5 Qa6 40. f6 1-0

[Event "Graz Open A 2019"]
[Site "Graz AUT"]
[Date "2019.02.19"]
[Round "3.10"]
[White "Christiansen, Johan-Sebastian"]
[Black "Lewicki, Miroslaw"]
[Result "1-0"]
[WhiteTitle "GM"]
[BlackTitle "CM"]
[WhiteElo "2559"]
[BlackElo "2346"]
[WhiteFideId "1512668"]
[BlackFideId "1113380"]
[EventDate "2019.02.17"]

1. e4 c5 2. Nf3 d6 3. d4 cxd4 4. Nxd4 Nf6 5. Nc3 a6 6. h3 e5 7. Nb3 b5 8. g4 Bb7
9. Bg2 b4 10. Nd5 Nxd5 11. exd5 Nd7 12. a3 bxa3 13. Rxa3 a5 14. O-O Be7 15. Re1
O-O 16. Ra4 f5 17. Bd2 fxg4 18. Qxg4 Nf6 19. Qe2 Qe8 20. Rxa5 Rxa5 21. Nxa5 Bxd5
22. Bxd5+ Nxd5 23. Qc4 Qg6+ 24. Qg4 Qf7 25. Re2 Nf6 26. Qf5 g6 27. Qd3 Nh5 28.
Bh6 Ra8 29. Nc6 Bf8 30. Bd2 Ra1+ 31. Kg2 Kg7 32. b4 Rb1 33. c4 Qf5 34. Qxf5 gxf5
35. b5 Kf7 36. Be3 e4 37. f3 f4 38. Bd4 Bg7 39. Bxg7 exf3+ 40. Kxf3 Kxg7 41. Kg4
Nf6+ 42. Kxf4 Rf1+ 43. Kg3 Rb1 44. Re7+ Kg6 45. Re6 Kf7 46. Re7+ Kg6 47. Re6 Kf7
48. Nd8+ Kg7 49. Kg2 d5 50. b6 dxc4 51. b7 c3 52. Rc6 Ne4 53. Kf3 Rb4 54. Ke3 c2
55. Rxc2 Nd6 56. Kf3 Kf6 57. Rc7 Rb3+ 58. Kg2 Rb2+ 59. Kf1 Rb1+ 60. Ke2 Rb2+ 61.
Ke1 h5 62. Rd7 Nxb7 63. Rxb7 Rh2 64. Rb3 Rc2 65. Rf3+ Kg5 66. Ne6+ Kh4 67. Nf4
Kg5 68. Ne2 Kh4 69. Kf2 Ra2 70. Re3 1-0

[Event "Graz Open A 2019"]
[Site "Graz AUT"]
[Date "2019.02.19"]
[Round "3.11"]
[White "Rudolf, Michal"]
[Black "Istratescu, Andrei"]
[Result "0-1"]
[WhiteTitle "FM"]
[BlackTitle "GM"]
[WhiteElo "2331"]
[BlackElo "2555"]
[WhiteFideId "1106210"]
[BlackFideId "1200372"]
[EventDate "2019.02.17"]

1. d4 g6 2. e4 Bg7 3. Nc3 c6 4. f4 d5 5. e5 Nh6 6. Nf3 f6 7. Be3 Bg4 8. h3 Bxf3
9. Qxf3 O-O 10. exf6 exf6 11. Bd3 f5 12. O-O-O Nd7 13. g4 b5 14. Ne2 Nb6 15. Ng3
Nc4 16. gxf5 Nxf5 17. Nxf5 gxf5 18. Rhg1 Nd6 19. Rg5 Kh8 20. Rdg1 Bh6 21. Qh5
Rf6 22. R5g3 Qe8 23. Qh4 Qf7 24. b3 a5 25. a3 Re6 26. Kb1 Qe7 27. Qxe7 Rxe7 28.
Bd2 Bg7 29. c3 a4 30. b4 Bh6 31. Re3 Rxe3 32. Bxe3 Re8 33. Rg3 Ne4 34. Bxe4 fxe4
35. Kc2 Rf8 36. Rg4 Rf5 37. Rh4 Bg7 38. Rg4 Kg8 39. Kd2 Kf7 40. Ke2 Rh5 41. Rg3
Bh6 0-1

[Event "Graz Open A 2019"]
[Site "Graz AUT"]
[Date "2019.02.19"]
[Round "3.12"]
[White "Lin, Yi"]
[Black "Stefansson, Hannes"]
[Result "1/2-1/2"]
[BlackTitle "GM"]
[WhiteElo "2345"]
[BlackElo "2514"]
[WhiteFideId "8609659"]
[BlackFideId "2300087"]
[EventDate "2019.02.17"]

1. d4 d5 2. c4 c6 3. cxd5 cxd5 4. Bf4 Nf6 5. Nc3 Nc6 6. e3 a6 7. Be2 Bf5 8. Nf3
e6 9. Qb3 Bb4 10. Ne5 Qa5 11. Nxc6 bxc6 12. O-O Bxc3 13. bxc3 O-O 14. Qb4 Qd8
15. Rfc1 a5 16. Qa3 Qb6 17. Qb3 Qd8 18. Qa3 Qb6 19. Qb3 1/2-1/2

[Event "Graz Open A 2019"]
[Site "Graz AUT"]
[Date "2019.02.19"]
[Round "3.13"]
[White "Thakur, Akash"]
[Black "Diermair, Andreas"]
[Result "0-1"]
[WhiteTitle "FM"]
[BlackTitle "GM"]
[WhiteElo "2308"]
[BlackElo "2502"]
[WhiteFideId "5008514"]
[BlackFideId "1612468"]
[EventDate "2019.02.17"]

1. e4 e6 2. d4 d5 3. e5 c5 4. c3 Nc6 5. Nf3 Qb6 6. a3 c4 7. g3 Bd7 8. Bg2 Na5 9.
Nbd2 Ne7 10. O-O Qc7 11. Ne1 O-O-O 12. f4 Nf5 13. Qe2 h5 14. Nc2 Ba4 15. Nf3 Be7
16. Ne3 Nb3 17. Rb1 Nxc1 18. Rbxc1 Nxe3 19. Qxe3 g6 20. h3 Kb8 21. Ng5 Rhf8 22.
Nh7 Rh8 23. Ng5 Rdf8 24. Bf3 Qb6 25. Rf2 a6 26. Kg2 Ka8 27. Re1 Qb5 28. Qc1 Bd8
29. g4 Qd7 30. Qe3 Bc7 31. gxh5 gxh5 32. Kh1 f6 33. exf6 Rxf6 34. Nxe6 Re8 35.
Bxd5 Qxd5+ 0-1

[Event "Graz Open A 2019"]
[Site "Graz AUT"]
[Date "2019.02.19"]
[Round "3.14"]
[White "Liu, Zhaoqi"]
[Black "Cvitan, Ognjen"]
[Result "1-0"]
[BlackTitle "GM"]
[WhiteElo "2323"]
[BlackElo "2496"]
[WhiteFideId "8609381"]
[BlackFideId "14500086"]
[EventDate "2019.02.17"]

1. c4 Nf6 2. Nc3 e5 3. g3 Bb4 4. Bg2 O-O 5. e4 Bxc3 6. bxc3 c6 7. Nf3 Nxe4 8.
O-O d6 9. Nxe5 Nc5 10. Ng4 Nd3 11. Ba3 f5 12. Qc2 Nc5 13. Ne3 f4 14. gxf4 Rxf4
15. Rae1 Nba6 16. Kh1 Qh4 17. d4 Rf6 18. Bc1 Rh6 19. Ng4 Qxg4 20. Bxh6 Bf5 21.
Qd2 Na4 22. Re3 Qh5 23. Rg3 Bg6 24. Bg5 Re8 25. Re1 Bf5 26. Bf6 1-0

[Event "Graz Open A 2019"]
[Site "Graz AUT"]
[Date "2019.02.19"]
[Round "3.15"]
[White "Goh, Wei Ming Kevin"]
[Black "Szotkowski, Jakub"]
[Result "0-1"]
[WhiteTitle "IM"]
[BlackTitle "IM"]
[WhiteElo "2477"]
[BlackElo "2345"]
[WhiteFideId "5800706"]
[BlackFideId "330590"]
[EventDate "2019.02.17"]

1. e4 c6 2. d4 d5 3. exd5 cxd5 4. Bd3 Nc6 5. c3 Qc7 6. Ne2 Bg4 7. O-O e6 8. Qe1
Bxe2 9. Qxe2 Nf6 10. Nd2 Bd6 11. Nf3 h6 12. g3 O-O-O 13. a4 g5 14. a5 Kb8 15. b4
Rc8 16. Ba3 g4 17. Nh4 Ne7 18. Bb2 h5 19. f4 Rhe8 20. b5 Nf5 21. Bxf5 exf5 22.
Qd3 Re4 23. Nxf5 Rce8 24. b6 axb6 25. Qb5 bxa5 26. Rxa5 Bf8 27. Qa4 Qc6 28. Qxc6
bxc6 29. Ba3 Re1 30. Bxf8 Rxf1+ 31. Kxf1 Rxf8 32. c4 dxc4 33. Rc5 Kb7 34. Nd6+
Kc7 35. Nxc4 Rd8 36. Ne5 Rd6 37. Nxf7 Rxd4 38. Rf5 Nd5 39. Rxh5 Nxf4 40. Rg5
Rd1+ 0-1

[Event "Graz Open A 2019"]
[Site "Graz AUT"]
[Date "2019.02.19"]
[Round "3.16"]
[White "Ahluwalia, Amardip"]
[Black "Zhang, Ziji"]
[Result "0-1"]
[WhiteElo "2115"]
[BlackElo "2406"]
[WhiteFideId "437085"]
[BlackFideId "8609470"]
[EventDate "2019.02.17"]

1. c4 e6 2. g3 Nf6 3. Bg2 d5 4. Nf3 Be7 5. O-O O-O 6. b3 Nbd7 7. Bb2 c6 8. d3 b6
9. Nbd2 Bb7 10. e4 c5 11. Qe2 d4 12. Ne1 Ne8 13. f4 Nd6 14. a3 Rb8 15. Rb1 a6
16. b4 e5 17. Nef3 Bf6 18. Nb3 Bc6 19. fxe5 Nxe5 20. Nxe5 Bxe5 21. Nd2 g6 22.
Nf3 Bg7 23. Bc1 Re8 24. Bf4 f5 25. e5 Rc8 26. Rbe1 Nb7 27. Qd2 Qd7 28. Re2 Nd8
29. Rfe1 Ne6 30. Bh6 Bxh6 31. Qxh6 b5 32. bxc5 bxc4 33. dxc4 Qb7 34. Ng5 Bxg2
35. Rxg2 Nxc5 36. Qh4 Nd3 37. Rd1 Nxe5 38. Qxd4 h6 39. Re1 Rcd8 40. Rxe5 Qb1+
41. Kf2 Rxd4 42. Rxe8+ Kg7 43. Ne6+ Kf7 44. Nxd4 Kxe8 45. Nf3 Qa2+ 46. Kg1 Qa1+
47. Kf2 Qxa3 48. Nd2 a5 0-1

[Event "Graz Open A 2019"]
[Site "Graz AUT"]
[Date "2019.02.19"]
[Round "3.17"]
[White "Ertan, Can"]
[Black "Cumming, Rhys"]
[Result "1-0"]
[WhiteTitle "FM"]
[WhiteElo "2405"]
[BlackElo "2225"]
[WhiteFideId "6306330"]
[BlackFideId "470163"]
[EventDate "2019.02.17"]

1. e4 e5 2. Nf3 Nc6 3. Bb5 Nf6 4. O-O Nxe4 5. Re1 Nd6 6. Nxe5 Be7 7. Nxc6 dxc6
8. Ba4 O-O 9. c3 Bf5 10. d4 Re8 11. Nd2 Bf8 12. Nf1 Bg6 13. Bf4 Nc4 14. Rxe8
Qxe8 15. Bb3 Bd6 16. Bc1 Nb6 17. Qf3 Qe1 18. h4 Nd5 19. Qd1 Re8 20. Bd2 Qxd1 21.
Rxd1 Re4 22. f3 Re8 23. g3 Bd3 24. Re1 Re2 25. c4 Rxe1 26. Bxe1 Bxf1 27. cxd5
Be2 28. Kf2 Bb5 29. a4 Ba6 30. dxc6 bxc6 31. Ke3 c5 32. f4 cxd4+ 33. Kxd4 Be7
34. Bc4 c5+ 35. Kd5 Bb7+ 36. Ke5 Kf8 37. Bd5 f6+ 38. Ke4 Bc8 39. Bc6 Bh3 40. Kd3
Bd6 41. Bf2 a6 42. Be4 h6 43. Kc4 Bc7 44. Kxc5 Ke7 45. Kc6 Kd8 46. Kb7 Bc8+ 47.
Ka7 Ke7 48. b4 g5 49. Be3 a5 50. b5 gxh4 51. gxh4 Bg4 52. b6 Bd6 53. b7 Kd7 54.
Bd3 Bd1 55. Bb5+ Ke6 56. b8=Q Bxb8+ 57. Kxb8 Kf5 58. Bd7+ Ke4 59. Bd2 Kf3 60. h5
f5 61. Kc7 Kg4 62. Be8 Bxa4 63. Bxa4 Kxh5 64. Bd1+ Kh4 65. Bxa5 1-0

[Event "Graz Open A 2019"]
[Site "Graz AUT"]
[Date "2019.02.19"]
[Round "3.18"]
[White "Low, Zhen Yu Cyrus"]
[Black "Steindl, Johannes"]
[Result "1-0"]
[WhiteTitle "IM"]
[WhiteElo "2377"]
[BlackElo "2231"]
[WhiteFideId "5804175"]
[BlackFideId "1643266"]
[EventDate "2019.02.17"]

1. e4 c5 2. Nf3 d6 3. d4 cxd4 4. Nxd4 Nf6 5. Nc3 a6 6. g3 g6 7. Bg2 Bg7 8. O-O
O-O 9. a4 Nc6 10. Nb3 Bg4 11. f3 Be6 12. Nd5 Rc8 13. c3 Ne5 14. Nd4 Nxd5 15.
Nxe6 Nxc3 16. Nxd8 Nxd1 17. Nxb7 Rb8 18. Rxd1 Rxb7 19. Ra2 Nc4 20. Bf1 Rc8 21.
b3 Rxb3 22. Rc2 Rc3 23. Rxc3 Bxc3 24. Bg5 f6 25. Bh6 g5 26. Bh3 Rc5 27. Be6+ Kh8
28. Bf8 Nb2 29. Rb1 Bd4+ 30. Kg2 Rc2+ 31. Kh3 Nd3 32. Kg4 Bb2 33. h4 Ne5+ 34.
Kh3 Nxf3 35. Bxe7 h5 36. g4 Be5 37. gxh5 Rh2+ 38. Kg4 Rg2+ 39. Kxf3 Rg3+ 40. Kf2
gxh4 41. Rd1 Rc3 42. Bxd6 Rc6 43. Bxe5 Rxe6 44. Bc3 Rxe4 45. Rd4 Rxd4 46. Bxd4
Kg7 47. Be3 1-0

[Event "Graz Open A 2019"]
[Site "Graz AUT"]
[Date "2019.02.19"]
[Round "3.21"]
[White "Sebenik, Matej"]
[Black "Milikow, Yoav"]
[Result "1/2-1/2"]
[WhiteTitle "GM"]
[BlackTitle "CM"]
[WhiteElo "2542"]
[BlackElo "2206"]
[WhiteFideId "14602296"]
[BlackFideId "2822237"]
[EventDate "2019.02.17"]

1. Nf3 Nf6 2. c4 c5 3. Nc3 d5 4. cxd5 Nxd5 5. e4 Nxc3 6. dxc3 Qxd1+ 7. Kxd1 Nc6
8. Kc2 b6 9. Bf4 Bb7 10. a4 O-O-O 11. Nd2 e6 12. Nc4 Na5 13. f3 Nxc4 14. Bxc4 a6
15. h4 Bd6 16. Bg5 Rd7 17. h5 h6 18. Be3 Re8 19. Rad1 f5 20. exf5 exf5 21. Bf2
Kc7 22. b3 Rde7 23. Bh4 Re3 24. Bf2 R3e7 25. Bh4 Re3 26. Bd3 Bc8 27. Rhe1 Rxe1
28. Bxe1 Bf4 29. Bf2 Kc6 30. g3 Bd6 31. Bc4 Kc7 32. Bd5 Bd7 33. f4 Bc6 34. Bxc6
Re2+ 35. Rd2 Rxd2+ 36. Kxd2 Kxc6 37. c4 a5 38. Ke3 Kd7 39. Be1 Be7 40. Kf3 Bf6
41. g4 Ke6 42. Bd2 Bd4 43. g5 Kd7 44. Be1 Ke8 45. Ke2 Kd7 46. Kd3 Kc6 47. Bh4
Kd7 48. g6 1/2-1/2

[Event "Graz Open A 2019"]
[Site "Graz AUT"]
[Date "2019.02.19"]
[Round "3.22"]
[White "Sanal, Vahap"]
[Black "Suta, Andraz"]
[Result "1-0"]
[WhiteTitle "GM"]
[WhiteElo "2497"]
[BlackElo "2168"]
[WhiteFideId "6300545"]
[BlackFideId "14613190"]
[EventDate "2019.02.17"]

1. e4 e5 2. Nf3 Nc6 3. Bb5 a6 4. Ba4 Nf6 5. O-O Be7 6. Re1 b5 7. Bb3 d6 8. c3
O-O 9. h3 Na5 10. Bc2 c5 11. d4 Qc7 12. Nbd2 cxd4 13. cxd4 Nc6 14. Nb3 a5 15.
Be3 a4 16. Nbd2 Bd7 17. Rc1 Qb7 18. a3 Rfc8 19. Nf1 b4 20. Ng3 bxa3 21. bxa3 Qb2
22. Bxa4 Qxa3 23. Bxc6 Bxc6 24. dxe5 dxe5 25. Nxe5 Be8 26. Nf5 Bf8 27. Nc4 Qb4
28. Bd2 Qb5 29. e5 Bd7 30. Nfd6 Bxd6 31. Nxd6 Rxc1 32. Bxc1 Qd5 33. exf6 1-0

[Event "Graz Open A 2019"]
[Site "Graz AUT"]
[Date "2019.02.20"]
[Round "4.1"]
[White "Perske, Thore"]
[Black "Gazik, Viktor"]
[Result "0-1"]
[WhiteTitle "IM"]
[BlackTitle "IM"]
[WhiteElo "2451"]
[BlackElo "2512"]
[WhiteFideId "12902195"]
[BlackFideId "14928752"]
[EventDate "2019.02.17"]

1. e4 c5 2. Nf3 Nc6 3. Nc3 g6 4. Bb5 Bg7 5. O-O d6 6. e5 dxe5 7. Bxc6+ bxc6 8.
Re1 Qc7 9. d3 c4 10. Qe2 cxd3 11. cxd3 Bg4 12. h3 Bxf3 13. Qxf3 Rd8 14. Be3 Nf6
15. Rac1 Qb7 16. b4 Nd5 17. b5 Nxc3 18. bxc6 Qc7 19. Rxc3 e4 20. Qxe4 Bxc3 21.
Bf4 e5 22. Rc1 O-O 23. Bh6 Bd4 24. Bxf8 Kxf8 25. Rc2 Bb6 26. g3 Kg7 0-1

[Event "Graz Open A 2019"]
[Site "Graz AUT"]
[Date "2019.02.20"]
[Round "4.2"]
[White "Teclaf, Pawel"]
[Black "Ankit, R. Rajpara"]
[Result "1/2-1/2"]
[WhiteTitle "CM"]
[BlackTitle "GM"]
[WhiteElo "2450"]
[BlackElo "2451"]
[WhiteFideId "1185934"]
[BlackFideId "5023335"]
[EventDate "2019.02.17"]

1. e4 c6 2. d4 d5 3. exd5 cxd5 4. Bd3 Nc6 5. c3 Qc7 6. h3 Nf6 7. Nf3 g6 8. O-O
Bf5 9. Ne5 Nxe5 10. dxe5 Qxe5 11. Bb5+ Bd7 12. Bxd7+ Nxd7 13. Re1 Qd6 14. c4 d4
15. Nc3 Bg7 16. Nd5 e5 17. Qxd4 O-O 18. Qh4 Nb6 19. Nxb6 axb6 20. Be3 Rfd8 1/2-1/2

[Event "Graz Open A 2019"]
[Site "Graz AUT"]
[Date "2019.02.20"]
[Round "4.3"]
[White "Turov, Maxim"]
[Black "Haldorsen, Benjamin"]
[Result "1-0"]
[WhiteTitle "GM"]
[BlackTitle "IM"]
[WhiteElo "2585"]
[BlackElo "2450"]
[WhiteFideId "4120086"]
[BlackFideId "1512633"]
[EventDate "2019.02.17"]

1. c4 e5 2. Nc3 Nc6 3. g3 g6 4. Bg2 Bg7 5. Rb1 d6 6. d3 f5 7. e3 Nf6 8. Nge2 O-O
9. O-O a6 10. b3 Bd7 11. Bb2 Rb8 12. Qd2 b5 13. Nd5 Nxd5 14. cxd5 Ne7 15. Rbc1
Rc8 16. Ba3 Re8 17. f4 exf4 18. Nxf4 c5 19. dxc6 Nxc6 20. Bxd6 Qf6 21. Bc5 Ne5
22. Nd5 Qe6 23. d4 Ng4 24. Nb6 Qxe3+ 25. Qxe3 Nxe3 26. Nxc8 Rxc8 27. Rfe1 Nxg2
28. Kxg2 Bc6+ 29. Kf1 Bh6 30. Ra1 Be4 31. Kf2 Bd2 32. Re2 Bc3 33. Rd1 a5 34. Re3
b4 35. Rxe4 fxe4 36. Ke3 a4 37. Kxe4 Re8+ 38. Kd3 axb3 39. axb3 Kf7 40. Rf1+ Ke6
41. Kc4 1-0

[Event "Graz Open A 2019"]
[Site "Graz AUT"]
[Date "2019.02.20"]
[Round "4.4"]
[White "Zhang, Ziji"]
[Black "Kryakvin, Dmitry"]
[Result "1/2-1/2"]
[BlackTitle "GM"]
[WhiteElo "2406"]
[BlackElo "2588"]
[WhiteFideId "8609470"]
[BlackFideId "4153278"]
[EventDate "2019.02.17"]

1. d4 e6 2. c4 Bb4+ 3. Nd2 c5 4. dxc5 Nf6 5. Nf3 Bxc5 6. e3 O-O 7. Be2 b6 8. O-O
Bb7 9. a3 Be7 10. b3 d6 11. Bb2 Nbd7 12. b4 a6 13. Rc1 Rc8 14. Qb3 Rc7 15. Rfd1
Qa8 16. Qa2 Rfc8 17. Qa1 Bf8 18. Bf1 h6 19. h3 Be7 20. Re1 Bf8 21. Red1 Be7 22.
Re1 1/2-1/2

[Event "Graz Open A 2019"]
[Site "Graz AUT"]
[Date "2019.02.20"]
[Round "4.5"]
[White "Ertan, Can"]
[Black "Christiansen, Johan-Sebastian"]
[Result "1-0"]
[WhiteTitle "FM"]
[BlackTitle "GM"]
[WhiteElo "2405"]
[BlackElo "2559"]
[WhiteFideId "6306330"]
[BlackFideId "1512668"]
[EventDate "2019.02.17"]

1. e4 e6 2. d4 d5 3. Nc3 Nf6 4. Bg5 Bb4 5. e5 h6 6. Bd2 Bxc3 7. Bxc3 Ne4 8. Bd3
Nxc3 9. bxc3 c5 10. Qg4 O-O 11. dxc5 Nd7 12. Nf3 Nxc5 13. O-O Bd7 14. Rab1 Rc8
15. Rfd1 Qc7 16. Rb4 Ne4 17. Bxe4 dxe4 18. Rxe4 Bc6 19. Re3 Bxf3 20. Qxf3 Rfd8
21. h3 Rxd1+ 22. Qxd1 Rd8 23. Qg4 Rd2 24. Qa4 a6 25. Rg3 Kh7 26. Qf4 Rd5 27. Re3
f5 28. a4 Rd2 29. Qb4 a5 30. Qb5 Rd5 31. Qe8 Rxe5 32. Rg3 Re1+ 33. Kh2 g5 34. h4
f4 35. Rd3 f3+ 36. g3 Re2 37. Rd7+ 1-0

[Event "Graz Open A 2019"]
[Site "Graz AUT"]
[Date "2019.02.20"]
[Round "4.6"]
[White "Istratescu, Andrei"]
[Black "Low, Zhen Yu Cyrus"]
[Result "1-0"]
[WhiteTitle "GM"]
[BlackTitle "IM"]
[WhiteElo "2555"]
[BlackElo "2377"]
[WhiteFideId "1200372"]
[BlackFideId "5804175"]
[EventDate "2019.02.17"]

1. Nf3 Nf6 2. c4 g6 3. Nc3 d5 4. cxd5 Nxd5 5. Qb3 Nb6 6. d4 Bg7 7. e4 Bg4 8.
Bb5+ c6 9. Ng5 O-O 10. Be2 Bxe2 11. Nxe2 Na6 12. Qh3 h6 13. Nf3 h5 14. O-O Qd7
15. Qxd7 Nxd7 16. Rd1 e5 17. Be3 exd4 18. Bxd4 Ndc5 19. Nc3 Rfd8 20. Bxg7 Kxg7
21. Ne1 Nb4 22. f3 Nbd3 23. Nxd3 Nxd3 24. Rd2 Rd7 25. Rad1 Rad8 26. Kf1 Kf6 27.
g3 Ne5 28. Rxd7 Rxd7 29. Rxd7 Nxd7 30. Ke2 Ke6 31. f4 f6 32. Ke3 Kd6 33. Kd4 Nf8
34. Ne2 Ne6+ 35. Ke3 Nc7 36. Nd4 c5 37. Nf3 Ne6 38. e5+ fxe5 39. Nxe5 Nf8 40.
Ke4 b5 41. b3 a6 42. h3 a5 43. g4 hxg4 44. hxg4 a4 45. bxa4 bxa4 46. Nc4+ Ke6
47. Nb6 a3 48. g5 Kd6 49. Nc4+ Kc6 50. Nxa3 Nd7 51. Nc4 Kb5 52. Ne5 Nf8 53. Kd5
Kb4 54. Kd6 c4 55. Nxc4 Kxc4 56. Ke7 Nh7 57. Kf7 Kd5 58. Kg7 1-0

[Event "Graz Open A 2019"]
[Site "Graz AUT"]
[Date "2019.02.20"]
[Round "4.7"]
[White "Diermair, Andreas"]
[Black "Navalgund, Niranjan"]
[Result "0-1"]
[WhiteTitle "GM"]
[BlackTitle "FM"]
[WhiteElo "2502"]
[BlackElo "2359"]
[WhiteFideId "1612468"]
[BlackFideId "5030854"]
[EventDate "2019.02.17"]

1. d4 Nf6 2. c4 e6 3. Nf3 d5 4. Nc3 a6 5. cxd5 exd5 6. Bg5 Be6 7. e3 Nbd7 8. Bd3
Bd6 9. O-O c6 10. Bf4 Qc7 11. Bxd6 Qxd6 12. Qc2 h6 13. Na4 O-O 14. Rfc1 Rfc8 15.
Nc5 b6 16. Nxd7 Nxd7 17. Qe2 a5 18. h3 c5 19. Bb5 a4 20. a3 Ra5 21. Bxd7 Bxd7
22. Ne5 Rb5 23. Rc3 Rb3 24. Rac1 c4 25. e4 b5 26. R1c2 dxe4 27. Qxe4 Be6 28. Re3
Bd5 29. Qf5 Rd8 30. Rd2 Rxe3 31. fxe3 c3 32. bxc3 Qxa3 33. Rf2 Qb3 34. e4 Be6
35. Qf4 f6 36. Nc6 Re8 37. Qd2 Qb1+ 38. Rf1 Qxe4 39. Nb4 Bc4 40. Rd1 Bb3 41. Rc1
Qe2 42. Qf4 a3 43. Qf2 Bc4 44. d5 Qxf2+ 45. Kxf2 Re2+ 46. Kf3 a2 47. Rd1 Rd2 48.
Ra1 Rb2 49. d6 Kf7 50. Re1 Rb1 51. Re7+ Kf8 52. Nxa2 Bxa2 53. Ra7 Be6 54. Re7
Re1 55. Kf2 Re5 0-1